000 00511nam a2200181Ia 4500
001 8746
003 IN-NITTTR
005 20251114233041.0
008 251113s9999||||xx |||||||||||||| ||eng||
040 _beng
040 _cIN-NITTTR
041 _aeng
082 _a371.333 A54M
100 _aAtkinson, Norman J.
245 0 _aModern teaching aids :
_b A practical guide to audio- visual techniques in education. /
_cAtkinson, Norman J., Atkinson, John N.
700 _a Atkinson, John N.
942 _2ddc
_cBK
999 _c11383
_d11383